000 00497nam a22001697a 4500
003 UA-OsUOA
001 19298
007 ta
008 20040804b un ||||| |||| 00| 0 ukr d
942 _cSA
040 _aUA-OsUOA
_cUA-OsUOA
_dUA-OsUOA
245 _aКлаптик звірячого царства
_b[Про Рівнен. зоопарк]
300 _aС.14
955 _a0
773 0 _w0
_tРівненська газета
_dРівне
_d2004
_g№64/30 лип./
650 7 _aЗоопарки
_2UDC
999 _c305469
_d305469